"Lejos del mar" / (Record no. 183065)

MARC details
000 -LEADER
campo de control de longitud fija 00778nam a2200205 i 4500
001 - NÚMERO DE CONTROL
campo de control 183065
003 - IDENTIFICADOR DE NÚMERO DE CONTROL
campo de control ES-MaACL
005 - FECHA Y HORA DE LA ÚLTIMA TRANSACCIÓN
campo de control 20250830063111.0
008 - DATOS DE LONGITUD FIJA--INFORMACIÓN GENERAL
campo de control de longitud fija 140114s2013 sp |||| | spa d
080 ## - NÚMERO DE LA CLASIFICACIÓN DECIMAL UNIVERSAL
Número de la Clasificación Decimal Universal 821.134.2-14"19"
100 1# - ENTRADA PRINCIPAL--NOMBRE DE PERSONA
Nombre de persona Muñoz Morales, Antonio Owen,
Fechas asociadas al nombre 1953-
9 (RLIN) 154178
245 11 - MENCIÓN DEL TÍTULO
Título "Lejos del mar" /
Mención de responsabilidad, etc. Antonio Owen Muñoz Morales ; [ilustraciones] María Isabel Riquelme Mazuecos.
260 ## - PUBLICACIÓN, DISTRIBUCIÓN, ETC.
Lugar de publicación, distribución, etc. [Alcázar de San Juan] :
Nombre del editor, distribuidor, etc. Ateneo de Alcázar de San Juan,
Fecha de publicación, distribución, etc. D.L. 2013.
300 ## - DESCRIPCIÓN FÍSICA
Extensión 127 p. :
Otras características físicas il. ;
Dimensiones 21 cm.
700 1# - ENTRADA AGREGADA--NOMBRE PERSONAL
Nombre de persona Riquelme Mazuecos, María Isabel.
9 (RLIN) 154179
710 2# - ENTRADA AGREGADA--NOMBRE DE ENTIDAD CORPORATIVA
Nombre de entidad corporativa o nombre de jurisdicción como elemento de entrada Ateneo de Alcázar de San Juan.
9 (RLIN) 154177
852 ## - LOCALIZACIÓN
Ubicación ES-MaACL
Número de control de estantería A-13024
itemnumber 189999
Sublocalización o colección R.149863
Ubicación en estantería Depósito 1
Signatura antigua Olim: N-6024
942 ## - ELEMENTOS DE ENTRADA SECUNDARIOS (KOHA)
Fuente del sistema de clasificación o colocación Clasificación decimal universal
Tipo de ítem Koha Libro impreso
Holdings
Estatus retirado Estado de pérdida Fuente del sistema de clasificación o colocación Estado de daño No para préstamo Biblioteca de origen Biblioteca actual Ubicación en estantería Fecha de adquisición Fuente de adquisición Total de préstamos Signatura topográfica completa Código de barras Visto por última vez Precio de reemplazo Tipo de ítem Koha
    Clasificación decimal universal     Biblioteca del Ateneo de Madrid Biblioteca del Ateneo de Madrid Depósito 1 14/01/2014 Donación   A-13024 1192404 23/02/2023 23/02/2023 Libro impreso